Razón de ser

Sparad:
Bibliografiska uppgifter
Huvudupphovsman: Carpentier, Alejo
Materialtyp: Bok
Språk:Undetermined
Publicerad: Caracas, Venezuela Universidad Central de Venezuela 1976
Ämnen:
Taggar: Lägg till en tagg
Inga taggar, Lägg till första taggen!

MARC

LEADER 00000nam a2200000Ia 4500
008 170316s9999 xx 000 0 und d
040 |a cru BVZT 
090 |a 860 C-17r 
100 |a Carpentier, Alejo 
245 |a Razón de ser 
260 |a Caracas, Venezuela 
260 |b Universidad Central de Venezuela 
260 |c 1976 
300 |a 119 páginas 
650 |a LITERATURA LATINOAMERICANA 
999 |c 8498  |d 8498 
942 |c 15 D  |h 860 C-17r  |2 z